• 首页
  • 本馆介绍
  • 公告通知
  • 最新文献
  • 馆藏检索
  • 电子资源
  • 读者导购
  • 参考咨询
  • 我的图书馆
  • 登录
  • 详细信息显示
  • 放入我的书架
  • 预约/预借图书
  • 作者相关作品
  • 分类相关作品
  • 丛书相关作品
  • 出版社相关作品

书目信息

  • 表格格式
  • 工作单格式
  • 卡片格式
题名:
古瓷珍品收藏谈
    
 
作者: 刘克忠 著
分册:  
出版信息: 北京   中国文史出版社  2020.3
页数: 19, 242页
开本: 24cm
丛书名:
单 册:
中图分类: G262.4-64 , I227
科图分类:
主题词: 瓷器 (考古)--ci qi (kao gu )--收藏--中国--图集 , 诗集--shi ji--中国--当代
电子资源:
ISBN: 978-7-5205-1979-3
000 01038nam0 2200265 450
001 2131034842
005 20211029202829.0
010    @a978-7-5205-1979-3@dCNY158.00
100    @a20200521d2020 em y0chiy0120 ea
101 0  @achi
102    @aCN@b110000
105    @aa z 000gy
106    @ar
200 1  @a古瓷珍品收藏谈@Agu ci zhen pin shou cang tan@dIntroducing Chinese antique porcetains from my collections@f刘克忠著@zeng
210    @a北京@c中国文史出版社@d2020.3
215    @a19, 242页@c彩图@d24cm
330    @a本书收录了作者多年来收藏的古代陶瓷图片和收藏过程中创作的60多首诗歌作品, 展示和介绍历代珍瓷和华夏瑰宝。内容包括: 唐宋名窑 ; 元朝瓷器 ; 明代瓷器 ; 清朝瓷器 ; 其他年代藏品。
510 1  @aIntroducing Chinese antique porcetains from my collections@zeng
606 0  @a瓷器 (考古)@Aci qi (kao gu )@x收藏@y中国@j图集
606 0  @a诗集@Ashi ji@y中国@z当代
690    @aG262.4-64@v5
690    @aI227@v5
701  0 @a刘克忠@Aliu ke zhong@4著
801  0 @aCN@b百万庄@c20211029
905    @b1312771-74@dG262.4-64@e32@f4
    
    古瓷珍品收藏谈=Introducing Chinese antique porcetains from my collections/刘克忠著.-北京:中国文史出版社,2020.3
    19, 242页:彩图;24cm
    
    
    ISBN 978-7-5205-1979-3:CNY158.00
    本书收录了作者多年来收藏的古代陶瓷图片和收藏过程中创作的60多首诗歌作品, 展示和介绍历代珍瓷和华夏瑰宝。内容包括: 唐宋名窑 ; 元朝瓷器 ; 明代瓷器 ; 清朝瓷器 ; 其他年代藏品。
●
相关链接 在E读中查询图书 在五车中查询图书 在当当中查询图书 在豆瓣中查询图书


正题名:古瓷珍品收藏谈     索取号:G262.4-64/32         预约/预借

序号 登录号 条形码 馆藏地/架位号 状态 备注
1 1312771   213127711   第一样本阅览室/ [索取号:G262.4-64/32] 在馆    
2 1312772   213127720   第四借阅区/ [索取号:G262.4-64/32] 在馆    
3 1312773   213127739   第四借阅区/ [索取号:G262.4-64/32] 在馆    
4 1312774   213127748   第四借阅区/ [索取号:G262.4-64/32] 在馆    
唐山师范学院图书馆 欢迎您!
大连网信软件有限公司© 版权所有